| 000 | 00917cam a2200241 a 4500 | ||
|---|---|---|---|
| 001 | 12025974 | ||
| 005 | 20180104074643.0 | ||
| 008 | 000531s2001 njuab b 001 0 eng | ||
| 010 | _a 00044125 | ||
| 020 | _a0691057028 (alk. paper) | ||
| 040 |
_aDLC _cDLC _dDLC |
||
| 041 | _aeng | ||
| 043 |
_ae-ur--- _ae-un--- |
||
| 080 | _a940.531 | ||
| 082 | 0 | 0 |
_a940.531 WEI _221 |
| 100 | 1 | _a16 | |
| 101 | _aHIS | ||
| 245 | 1 | 0 |
_aMaking sense of war : _cAmir Weiner. |
| 504 | _aIncludes bibliographical references (p. [387]-410) and index. | ||
| 906 |
_a7 _bcbc _corignew _d1 _eocip _f20 _gy-gencatlg |
||
| 942 |
_2ddc _cBK |
||
| 999 |
_c39731 _d39731 |
||